| 000 | 00679nam a2200193 a 4500 | ||
|---|---|---|---|
| 001 | 3045 | ||
| 003 | CDMR | ||
| 005 | 20130522130408.0 | ||
| 008 | 130130s2004||||||||||||||||||||||||||||d | ||
| 040 |
_aCDMR _bcat _cCPC GIRONA |
||
| 110 | 2 |
_aInternational Federation of Journalists _9997 |
|
| 245 | 1 | 0 |
_aPeligro! _b: periodista trabajando |
| 260 |
_bFederación Internacional de Periodistas _aBruselas |
||
| 260 |
_aFondo Internacional de Solidaridad _c2004 |
||
| 650 | 0 | 4 |
_91574 _aLlibertat d'informació |
| 650 | 0 | 4 |
_92767 _aPeriodistes _xSituació legal, lleis, etc |
| 856 | 4 | 0 |
_uhttp://www.ifj.org/assets/docs/153/144/4ea1b99-a5e3e90.pdf _zDisponible en línia (pdf) |
| 942 |
_cMON _2udc |
||
| 999 |
_c3045 _d3045 |
||